Groupes de deux - Géographie - Statistiques

Statistiques générales
  • Ce quiz a été pris 36 323 fois
    36 317 depuis la dernière actualisation
  • Le résultat moyen est 26 sur 40
Statistiques - réponses
Indice Réponse % Correct
Pays encerclés par l'Italie Vatican
93%
Pays d'Amérique du Nord ayant le français comme langue officielle Canada
92%
Pays encerclés par l'Italie Saint-Marin
90%
Pays enclavés d'Amérique du Sud Paraguay
87%
Pays enclavés d'Amérique du Sud Bolivie
86%
Plus grandes îles italiennes Sicile
86%
Plus vieilles universités anglaises Oxford
85%
Départements français dans l'Océan indien La Réunion
84%
Pays insulaires dans la mer Méditéranée Malte
82%
États des États-Unis ne partageant pas de frontière avec un autre État Alaska
81%
Pays insulaires dans la mer Méditéranée Chypre
80%
États des États-Unis ne partageant pas de frontière avec un autre État Hawaï
78%
Plus grandes ville du Québec Montréal
78%
Plus grandes îles italiennes Sardaigne
77%
Pays africains n'ayant de frontière qu'avec un seul pays Lesotho
76%
Plus grandes villes d'Écosse Édimbourg
73%
Départements français dans l'Océan indien Mayotte
73%
Plus grandes ville du Québec Québec
71%
Plus longs fleuves du Royaume-Uni Tamise
71%
Pays insulaires africains parlant portugais Cap-Vert
69%
Plus vieilles universités anglaises Cambridge
64%
Pays d'Amérique du Nord ayant le français comme langue officielle Haïti
64%
Capitales de la Bolivie La Paz
64%
Départements français qui ont une lettre dans leurs numéros Corse-du-Sud
62%
Départements français qui ont une lettre dans leurs numéros Haute-Corse
61%
Pays sur l'île de Nouvelle-Guinée Papouasie Nouvelle-Guinée
58%
Capitales de la Bolivie Sucre
58%
Fleuves majeurs de Mésopotamie Tigre
58%
Pays insulaires africains parlant portugais Sao Tomé-et-Principe
55%
Fleuves majeurs de Mésopotamie Euphrate
54%
Pays sur l'île de Nouvelle-Guinée Indonésie
54%
Pays africains n'ayant de frontière qu'avec un seul pays Gambie
52%
Plus grandes villes d'Écosse Glasgow
51%
Chaînes de montagnes séparant l'Europe de l'Asie Oural
49%
Départements partageant une frontière avec Andorre Pyrénées Orientales
44%
Sous-préfectures de Seine-Maritime Le Havre
37%
Départements partageant une frontière avec Andorre Ariège
30%
Chaînes de montagnes séparant l'Europe de l'Asie Caucase
30%
Sous-préfectures de Seine-Maritime Dieppe
17%
Plus longs fleuves du Royaume-Uni Severn
6%
Aucun quiz correspondant
Distribution des résultats
% des personnes avec chaque résultat
Percentile par nombre de réponses
Votre historique - résultats
Vous n’avez pas pris ce quiz depuis la dernière actualisation